<?xml version="1.0" encoding="UTF-8"?>
<record
    xmlns:xsi="http://www.w3.org/2001/XMLSchema-instance"
    xsi:schemaLocation="http://www.loc.gov/MARC21/slim http://www.loc.gov/standards/marcxml/schema/MARC21slim.xsd"
    xmlns="http://www.loc.gov/MARC21/slim">

  <leader>00331nam a22001457a 4500</leader>
  <controlfield tag="003">OSt</controlfield>
  <controlfield tag="005">20211231131934.0</controlfield>
  <controlfield tag="008">211231b        |||||||| |||| 00| 0 eng d</controlfield>
  <datafield tag="020" ind1=" " ind2=" ">
    <subfield code="a">139780538747578</subfield>
  </datafield>
  <datafield tag="040" ind1=" " ind2=" ">
    <subfield code="c">HU</subfield>
  </datafield>
  <datafield tag="082" ind1=" " ind2=" ">
    <subfield code="2">4th</subfield>
    <subfield code="a">006.7</subfield>
  </datafield>
  <datafield tag="100" ind1=" " ind2=" ">
    <subfield code="a">Sklar</subfield>
    <subfield code="9">26617</subfield>
  </datafield>
  <datafield tag="245" ind1=" " ind2=" ">
    <subfield code="a">Principles Of Web Design</subfield>
  </datafield>
  <datafield tag="942" ind1=" " ind2=" ">
    <subfield code="2">ddc</subfield>
    <subfield code="c">BOOKS</subfield>
    <subfield code="n">0</subfield>
  </datafield>
  <datafield tag="999" ind1=" " ind2=" ">
    <subfield code="c">25546</subfield>
    <subfield code="d">25546</subfield>
  </datafield>
  <datafield tag="952" ind1=" " ind2=" ">
    <subfield code="0">0</subfield>
    <subfield code="1">0</subfield>
    <subfield code="2">ddc</subfield>
    <subfield code="4">0</subfield>
    <subfield code="7">0</subfield>
    <subfield code="a">006</subfield>
    <subfield code="b">006</subfield>
    <subfield code="c">GEN</subfield>
    <subfield code="d">2021-12-31</subfield>
    <subfield code="o">006.7/SKL2009</subfield>
    <subfield code="p">IOTL0003419</subfield>
    <subfield code="r">2021-12-31 00:00:00</subfield>
    <subfield code="t">1</subfield>
    <subfield code="w">2021-12-31</subfield>
    <subfield code="y">BOOKS</subfield>
  </datafield>
  <datafield tag="952" ind1=" " ind2=" ">
    <subfield code="0">0</subfield>
    <subfield code="1">0</subfield>
    <subfield code="2">ddc</subfield>
    <subfield code="4">0</subfield>
    <subfield code="7">0</subfield>
    <subfield code="a">006</subfield>
    <subfield code="b">006</subfield>
    <subfield code="c">GEN</subfield>
    <subfield code="d">2021-12-31</subfield>
    <subfield code="o">006.7/SKL2009</subfield>
    <subfield code="p">IOTL0003420</subfield>
    <subfield code="r">2021-12-31 00:00:00</subfield>
    <subfield code="t">2</subfield>
    <subfield code="w">2021-12-31</subfield>
    <subfield code="y">BOOKS</subfield>
  </datafield>
  <datafield tag="952" ind1=" " ind2=" ">
    <subfield code="0">0</subfield>
    <subfield code="1">0</subfield>
    <subfield code="2">ddc</subfield>
    <subfield code="4">0</subfield>
    <subfield code="7">0</subfield>
    <subfield code="a">006</subfield>
    <subfield code="b">006</subfield>
    <subfield code="c">GEN</subfield>
    <subfield code="d">2021-12-31</subfield>
    <subfield code="o">006.7/SKL2009</subfield>
    <subfield code="p">IOTL0003421</subfield>
    <subfield code="r">2021-12-31 00:00:00</subfield>
    <subfield code="t">3</subfield>
    <subfield code="w">2021-12-31</subfield>
    <subfield code="y">BOOKS</subfield>
  </datafield>
  <datafield tag="952" ind1=" " ind2=" ">
    <subfield code="0">0</subfield>
    <subfield code="1">0</subfield>
    <subfield code="2">ddc</subfield>
    <subfield code="4">0</subfield>
    <subfield code="7">0</subfield>
    <subfield code="a">006</subfield>
    <subfield code="b">006</subfield>
    <subfield code="c">GEN</subfield>
    <subfield code="d">2021-12-31</subfield>
    <subfield code="o">006.7/SKL2009</subfield>
    <subfield code="p">IOTL0003422</subfield>
    <subfield code="r">2021-12-31 00:00:00</subfield>
    <subfield code="t">4</subfield>
    <subfield code="w">2021-12-31</subfield>
    <subfield code="y">BOOKS</subfield>
  </datafield>
  <datafield tag="952" ind1=" " ind2=" ">
    <subfield code="0">0</subfield>
    <subfield code="1">0</subfield>
    <subfield code="2">ddc</subfield>
    <subfield code="4">0</subfield>
    <subfield code="7">0</subfield>
    <subfield code="a">006</subfield>
    <subfield code="b">006</subfield>
    <subfield code="c">GEN</subfield>
    <subfield code="d">2021-12-31</subfield>
    <subfield code="o">006.7/SKL2009</subfield>
    <subfield code="p">IOTL0003423</subfield>
    <subfield code="r">2021-12-31 00:00:00</subfield>
    <subfield code="t">5</subfield>
    <subfield code="w">2021-12-31</subfield>
    <subfield code="y">BOOKS</subfield>
  </datafield>
  <datafield tag="952" ind1=" " ind2=" ">
    <subfield code="0">0</subfield>
    <subfield code="1">0</subfield>
    <subfield code="2">ddc</subfield>
    <subfield code="4">0</subfield>
    <subfield code="7">0</subfield>
    <subfield code="a">006</subfield>
    <subfield code="b">006</subfield>
    <subfield code="c">GEN</subfield>
    <subfield code="d">2021-12-31</subfield>
    <subfield code="o">006.7/SKL2009</subfield>
    <subfield code="p">IOTL0003424</subfield>
    <subfield code="r">2021-12-31 00:00:00</subfield>
    <subfield code="t">6</subfield>
    <subfield code="w">2021-12-31</subfield>
    <subfield code="y">BOOKS</subfield>
  </datafield>
  <datafield tag="952" ind1=" " ind2=" ">
    <subfield code="0">0</subfield>
    <subfield code="1">0</subfield>
    <subfield code="2">ddc</subfield>
    <subfield code="4">0</subfield>
    <subfield code="7">0</subfield>
    <subfield code="a">006</subfield>
    <subfield code="b">006</subfield>
    <subfield code="c">GEN</subfield>
    <subfield code="d">2021-12-31</subfield>
    <subfield code="o">006.7/SKL2009</subfield>
    <subfield code="p">IOTL0003425</subfield>
    <subfield code="r">2021-12-31 00:00:00</subfield>
    <subfield code="t">7</subfield>
    <subfield code="w">2021-12-31</subfield>
    <subfield code="y">BOOKS</subfield>
  </datafield>
  <datafield tag="952" ind1=" " ind2=" ">
    <subfield code="0">0</subfield>
    <subfield code="1">0</subfield>
    <subfield code="2">ddc</subfield>
    <subfield code="4">0</subfield>
    <subfield code="7">0</subfield>
    <subfield code="a">006</subfield>
    <subfield code="b">006</subfield>
    <subfield code="c">GEN</subfield>
    <subfield code="d">2021-12-31</subfield>
    <subfield code="o">006.7/SKL2009</subfield>
    <subfield code="p">IOTL0003426</subfield>
    <subfield code="r">2021-12-31 00:00:00</subfield>
    <subfield code="t">8</subfield>
    <subfield code="w">2021-12-31</subfield>
    <subfield code="y">BOOKS</subfield>
  </datafield>
  <datafield tag="952" ind1=" " ind2=" ">
    <subfield code="0">0</subfield>
    <subfield code="1">0</subfield>
    <subfield code="2">ddc</subfield>
    <subfield code="4">0</subfield>
    <subfield code="7">0</subfield>
    <subfield code="a">006</subfield>
    <subfield code="b">006</subfield>
    <subfield code="c">GEN</subfield>
    <subfield code="d">2021-12-31</subfield>
    <subfield code="o">006.7/SKL2009</subfield>
    <subfield code="p">IOTL0003427</subfield>
    <subfield code="r">2021-12-31 00:00:00</subfield>
    <subfield code="t">9</subfield>
    <subfield code="w">2021-12-31</subfield>
    <subfield code="y">BOOKS</subfield>
  </datafield>
  <datafield tag="952" ind1=" " ind2=" ">
    <subfield code="0">0</subfield>
    <subfield code="1">0</subfield>
    <subfield code="2">ddc</subfield>
    <subfield code="4">0</subfield>
    <subfield code="7">0</subfield>
    <subfield code="a">006</subfield>
    <subfield code="b">006</subfield>
    <subfield code="c">GEN</subfield>
    <subfield code="d">2021-12-31</subfield>
    <subfield code="o">006.7/SKL2009</subfield>
    <subfield code="p">IOTL0003428</subfield>
    <subfield code="r">2021-12-31 00:00:00</subfield>
    <subfield code="t">10</subfield>
    <subfield code="w">2021-12-31</subfield>
    <subfield code="y">BOOKS</subfield>
  </datafield>
  <datafield tag="952" ind1=" " ind2=" ">
    <subfield code="0">0</subfield>
    <subfield code="1">0</subfield>
    <subfield code="2">ddc</subfield>
    <subfield code="4">0</subfield>
    <subfield code="7">0</subfield>
    <subfield code="a">006</subfield>
    <subfield code="b">006</subfield>
    <subfield code="c">GEN</subfield>
    <subfield code="d">2022-02-28</subfield>
    <subfield code="l">0</subfield>
    <subfield code="o">006.7/SKL/2009</subfield>
    <subfield code="p">IOTL0015923</subfield>
    <subfield code="r">2022-02-28 00:00:00</subfield>
    <subfield code="t">11</subfield>
    <subfield code="w">2022-02-28</subfield>
    <subfield code="y">BOOKS</subfield>
  </datafield>
  <datafield tag="952" ind1=" " ind2=" ">
    <subfield code="0">0</subfield>
    <subfield code="1">0</subfield>
    <subfield code="2">ddc</subfield>
    <subfield code="4">0</subfield>
    <subfield code="7">0</subfield>
    <subfield code="a">006</subfield>
    <subfield code="b">006</subfield>
    <subfield code="c">GEN</subfield>
    <subfield code="d">2022-02-28</subfield>
    <subfield code="l">0</subfield>
    <subfield code="o">006.7/SKL/2009</subfield>
    <subfield code="p">IOTL0015924</subfield>
    <subfield code="r">2022-02-28 00:00:00</subfield>
    <subfield code="t">12</subfield>
    <subfield code="w">2022-02-28</subfield>
    <subfield code="y">BOOKS</subfield>
  </datafield>
  <datafield tag="952" ind1=" " ind2=" ">
    <subfield code="0">0</subfield>
    <subfield code="1">0</subfield>
    <subfield code="2">ddc</subfield>
    <subfield code="4">0</subfield>
    <subfield code="7">0</subfield>
    <subfield code="a">006</subfield>
    <subfield code="b">006</subfield>
    <subfield code="c">GEN</subfield>
    <subfield code="d">2022-02-28</subfield>
    <subfield code="l">0</subfield>
    <subfield code="o">006.7/SKL2009 	I</subfield>
    <subfield code="p">IOTL0015925</subfield>
    <subfield code="r">2022-02-28 00:00:00</subfield>
    <subfield code="t">13</subfield>
    <subfield code="w">2022-02-28</subfield>
    <subfield code="y">BOOKS</subfield>
  </datafield>
  <datafield tag="952" ind1=" " ind2=" ">
    <subfield code="0">0</subfield>
    <subfield code="1">0</subfield>
    <subfield code="2">ddc</subfield>
    <subfield code="4">0</subfield>
    <subfield code="7">0</subfield>
    <subfield code="a">006</subfield>
    <subfield code="b">006</subfield>
    <subfield code="c">GEN</subfield>
    <subfield code="d">2022-02-28</subfield>
    <subfield code="l">0</subfield>
    <subfield code="o">006.7/SKL2009 	I</subfield>
    <subfield code="p">IOTL0015926</subfield>
    <subfield code="r">2022-02-28 00:00:00</subfield>
    <subfield code="t">14</subfield>
    <subfield code="w">2022-02-28</subfield>
    <subfield code="y">BOOKS</subfield>
  </datafield>
  <datafield tag="952" ind1=" " ind2=" ">
    <subfield code="0">0</subfield>
    <subfield code="1">0</subfield>
    <subfield code="2">ddc</subfield>
    <subfield code="4">0</subfield>
    <subfield code="7">0</subfield>
    <subfield code="a">006</subfield>
    <subfield code="b">006</subfield>
    <subfield code="c">GEN</subfield>
    <subfield code="d">2023-10-25</subfield>
    <subfield code="l">0</subfield>
    <subfield code="o"> 	006.7/SKL2009 </subfield>
    <subfield code="r">2023-10-25 00:00:00</subfield>
    <subfield code="w">2023-10-25</subfield>
    <subfield code="y">BOOKS</subfield>
  </datafield>
</record>
